Pattern of growth of major agricultural crops in Punjab (Record no. 46105)

000 -LEADER
fixed length control field 00472pab a2200169 454500
008 - FIXED-LENGTH DATA ELEMENTS--GENERAL INFORMATION
fixed length control field 180718b2000 xxu||||| |||| 00| 0 eng d
100 ## - MAIN ENTRY--PERSONAL NAME
Personal name Vatta, Kamal
245 ## - TITLE STATEMENT
Title Pattern of growth of major agricultural crops in Punjab
260 ## - PUBLICATION, DISTRIBUTION, ETC.
Date of publication, distribution, etc. 2000
300 ## - PHYSICAL DESCRIPTION
Extent p.81-84
362 ## - DATES OF PUBLICATION AND/OR SEQUENTIAL DESIGNATION
Dates of publication and/or sequential designation May
650 ## - SUBJECT ADDED ENTRY--TOPICAL TERM
Topical term or geographic name entry element Agricultural production - India - Punjab
650 ## - SUBJECT ADDED ENTRY--TOPICAL TERM
Topical term or geographic name entry element Agricultural production
700 ## - ADDED ENTRY--PERSONAL NAME
Personal name Aggarwal, Meenu
773 ## - HOST ITEM ENTRY
Main entry heading Agricultural Situation in India
909 ## -
-- 46105
Holdings
Withdrawn status Lost status Damaged status Not for loan Permanent Location Current Location Date acquired Serial Enumeration / chronology Barcode Date last seen Price effective from Koha item type
        Indian Institute of Public Administration Indian Institute of Public Administration 2018-07-19 Volume no: 57, Issue no: 2 AR46532 2018-07-19 2018-07-19 Articles

Powered by Koha